Центральний банк і грошово-кредитна політика (Запис № 322298)
[ простий вигляд ]
| 000 -LEADER | |
|---|---|
| fixed length control field | 00947nam a22002777a 4500 |
| 001 - CONTROL NUMBER | |
| control field | 35991 |
| 003 - CONTROL NUMBER IDENTIFIER | |
| control field | UA-OsUOA |
| 005 - DATE AND TIME OF LATEST TRANSACTION | |
| control field | 20200504192136.0 |
| 007 - PHYSICAL DESCRIPTION FIXED FIELD--GENERAL INFORMATION | |
| fixed length control field | ta |
| 008 - FIXED-LENGTH DATA ELEMENTS--GENERAL INFORMATION | |
| fixed length control field | 20060110b un ||||| |||| 00| 0 ukr d |
| 020 ## - INTERNATIONAL STANDARD BOOK NUMBER | |
| International Standard Book Number | 966-574-469-0 |
| 040 ## - CATALOGING SOURCE | |
| Original cataloging agency | UA-OsUOA |
| Language of cataloging | ukr |
| Transcribing agency | UA-OsUOA |
| Modifying agency | UA-OsUOA |
| 041 ## - LANGUAGE CODE | |
| Language code of text/sound track or separate title | ukr |
| 080 ## - UNIVERSAL DECIMAL CLASSIFICATION NUMBER | |
| Universal Decimal Classification number | 336.74 |
| 090 ## - LOCALLY ASSIGNED LC-TYPE CALL NUMBER (OCLC); LOCAL CALL NUMBER (OCLC) | |
| Classification number (OCLC) (R) ; Classification number, CALL (RLIN) (NR) | 336.74 |
| Local cutter number (OCLC) ; Book number/undivided call number, CALL (RLIN) | П90 |
| 100 ## - MAIN ENTRY--PERSONAL NAME | |
| Personal name | Пуховкіна М. Ф. |
| 245 ## - TITLE STATEMENT | |
| Title | Центральний банк і грошово-кредитна політика |
| Remainder of title | Навчально-методичний посібник для самостійного вивчення дисципліни |
| 260 ## - PUBLICATION, DISTRIBUTION, ETC. (IMPRINT) | |
| Place of publication, distribution, etc | К. |
| Name of publisher, distributor, etc | КНЕУ |
| Date of publication, distribution, etc | 2003 |
| 300 ## - PHYSICAL DESCRIPTION | |
| Extent | 180 с. |
| 650 #7 - SUBJECT ADDED ENTRY--TOPICAL TERM | |
| Topical term or geographic name as entry element | 339.7 Міжнародні фінанси |
| Source of heading or term | UDC |
| 700 ## - ADDED ENTRY--PERSONAL NAME | |
| Personal name | Остапішин Т. П. |
| 700 ## - ADDED ENTRY--PERSONAL NAME | |
| Personal name | Білошапка В. С. |
| 942 ## - ADDED ENTRY ELEMENTS (KOHA) | |
| Koha item type | Книги |
| Source of classification or shelving scheme | Universal Decimal Classification |
| 955 ## - COPY-LEVEL INFORMATION (RLIN) | |
| Classification number, CCAL (RLIN) | Навчальні видання |
| Withdrawn status | Lost status | Source of classification or shelving scheme | Damaged status | Not for loan | Home library | Current library | Date acquired | Source of acquisition | Cost, normal purchase price | Inventory number | Total Checkouts | Full call number | Barcode | Date last seen | Price effective from | Koha item type |
|---|---|---|---|---|---|---|---|---|---|---|---|---|---|---|---|---|
| Universal Decimal Classification | АБ - Абонемент НБ | АБ - Абонемент НБ | 02/03/2006 | 16/2006 | 11.25 | 95269 | 336.74 П90 | 95269 | 07/12/2021 | 10/01/2006 | Книги | |||||
| Universal Decimal Classification | АБ - Абонемент НБ | АБ - Абонемент НБ | 02/03/2006 | 16/2006 | 11.25 | 95270 | 336.74 П90 | 95270 | 07/12/2021 | 10/01/2006 | Книги | |||||
| Universal Decimal Classification | АБ - Абонемент НБ | АБ - Абонемент НБ | 02/03/2006 | 16/2006 | 11.25 | 95271 | 336.74 П90 | 95271 | 07/12/2021 | 10/01/2006 | Книги | |||||
| Universal Decimal Classification | АБ - Абонемент НБ | АБ - Абонемент НБ | 02/03/2006 | 16/2006 | 11.25 | 95272 | 336.74 П90 | 95272 | 07/12/2021 | 10/01/2006 | Книги | |||||
| Universal Decimal Classification | АБ - Абонемент НБ | АБ - Абонемент НБ | 02/03/2006 | 16/2006 | 11.25 | 95273 | 336.74 П90 | 95273 | 07/12/2021 | 10/01/2006 | Книги | |||||
| Universal Decimal Classification | АБ - Абонемент НБ | АБ - Абонемент НБ | 09/07/2007 | 125/2007 | 43.00 | 105557 | 336.74(075.8) П90 | 105557 | 07/12/2021 | 09/07/2007 | Книги | |||||
| Universal Decimal Classification | АБ - Абонемент НБ | АБ - Абонемент НБ | 09/07/2007 | 125/2007 | 43.00 | 105558 | 336.74(075.8) П90 | 105558 | 07/12/2021 | 09/07/2007 | Книги | |||||
| Universal Decimal Classification | АБ - Абонемент НБ | АБ - Абонемент НБ | 15/03/2011 | 33/2011 | 36.00 | 131297 | 336.74(075.8) П90 | 131297 | 07/12/2021 | 15/03/2011 | Книги | |||||
| Universal Decimal Classification | ЧЗ - Читальна зала | ЧЗ - Читальна зала | 10/01/2006 | 159/2005 | 15.00 | 89764 | 336.74 П90 | 89764 | 06/02/2022 | 10/01/2006 | Книги | |||||
| Universal Decimal Classification | ЧЗ - Читальна зала | ЧЗ - Читальна зала | 02/03/2006 | 16/2006 | 11.25 | 95264 | 336.74 П90 | 95264 | 06/02/2022 | 10/01/2006 | Книги | |||||
| Universal Decimal Classification | ЧЗ - Читальна зала | ЧЗ - Читальна зала | 02/03/2006 | 16/2006 | 11.25 | 95265 | 336.74 П90 | 95265 | 06/02/2022 | 10/01/2006 | Книги | |||||
| Universal Decimal Classification | ЧЗ - Читальна зала | ЧЗ - Читальна зала | 02/03/2006 | 16/2006 | 11.25 | 95266 | 336.74 П90 | 95266 | 06/02/2022 | 10/01/2006 | Книги | |||||
| Universal Decimal Classification | ЧЗ - Читальна зала | ЧЗ - Читальна зала | 02/03/2006 | 16/2006 | 11.25 | 95267 | 336.74 П90 | 95267 | 06/02/2022 | 10/01/2006 | Книги | |||||
| Universal Decimal Classification | ЧЗ - Читальна зала | ЧЗ - Читальна зала | 02/03/2006 | 16/2006 | 11.25 | 95268 | 336.74 П90 | 95268 | 06/02/2022 | 10/01/2006 | Книги |